| 000 | 00825cab a2200241 4500 | ||
|---|---|---|---|
| 001 | A117 | ||
| 008 | 090401t1992 xxu||||| |||| 00| 0 eng d | ||
| 035 | _a(Sirsi) u27123 | ||
| 041 | _aeng | ||
| 100 | _aLane, Mark A. | ||
| 245 | _aFIDIC 4th edition and the English legal system | ||
| 260 | _c1992 | ||
| 350 | _a0 | ||
| 490 |
_aInternational Construction Law Review _v9(3) July 1992, 291-309(19) |
||
| 520 | _aConsiders some of the principles of the English legal system and their application to the 4th edition of FIDIC. | ||
| 650 | _aALLOCATION OF RISK | ||
| 650 | _aDEFECTS LIABILITY | ||
| 650 | _aFIDIC CONDITIONS OF CONTRACT FOR WORKS OF CIVIL ENGINEERING CONSTRUCTION FOURTH EDITION | ||
| 650 | _aIMPLIED TERMS | ||
| 690 | _aBUILT ENVIRONMENT-BUILDING CONTRACT FORMS | ||
| 942 | _n0 | ||
| 948 | _c04/03/1997 | ||
| 999 |
_c18264 _d18264 |
||